LEADER 01594nam a2200277 u 4500 001 000000054533 003 CaOOAMICUS 005 20070226115701.0 008 001215s1959 it u000 u ita u 035 $a10863948 040 $aPUL(R)$bita 041 1 $aita$hger 100 1 $aLessing, Gotthold Ephraim,$d1729-1781.$0(OLS)http://pul/name/38625 240 10$aLaokoon oder über die Grenzen der Malerei und Poesie.$lItaliano.$0(OLS)http://pul/title/73106 245 10$aLaocoonte; :$bovvero dei limiti della pittura e della poesia con illustrazioni occasionali di diversi punti della storia dell'arte antica.$nParte I,$p1766. /$cGotthold E. Lessing ; [traduzione, introduzione e note di Mario Carpitella]. 260 $aMilano :$bEd. Paoline,$c1959. 300 $a366 p. ;$c18 cm 490 1 $aMaestri : i grandi scrittori di tutti i tempi e di tutte le letterature ;$v68 600 14$aLessing, Gotthold Ephraim,$d1729-1781.$0(OLS)http://pul/subject/22320 700 1 $aCarpitella, Mario.$0(OLS)http://pul/name/87 830 0$aMaestri : i grandi scrittori di tutti i tempi e di tutte le letterature ;$v68.$0(OLS)http://pul/title/72144 850 $aPUL 852 $aPUL$W1$xDP1 Fondo Giannini$y60$m1557 C 32$j71820$nBK-PRI$b $qFondi$B71820$CPULBib$Z2$F71820 $H $81 941 1 $a1 996 $6245$aLaocoonte; :$bovvero dei limiti della pittura e della poesia con illustrazioni occasionali di diversi punti della storia dell'arte antica.$nParte I,$p1766.$9(OLS)http://pul/title/73107 996 $6260$aMilano :$bEd. Paoline$9(OLS)http://pul/publisher/48495 LEADER 01312nam a2200313 a 4500 001 000000174342 003 CaOOAMICUS 005 20210407154635.0 006 a 000 u 008 210308s2020 it 000 u ita r 020 $z978-88-372-3394-5* 032 $aLibriCat 040 $aPUL$bita 082 04$a230 100 1 $aRusconi, Roberto,$d1946-$0(OLS)http://pul/name/7560 245 10$aDalla peste mi guardi Iddio : $ble epidemie da Mosè a papa Francesco /$cRoberto Rusconi. 260 $aBrescia :$bMorcelliana,$c©2020. 300 $a193 p. ;$c19 cm 490 1 $aIl pellicano rosso. Nuova serie ;$v308 650 4$aEpidemie.$xStoria.$0(OLS)http://pul/subject/46438 830 3$aIl pellicano rosso.$pNuova serie ;$v308.$0(OLS)http://pul/title/103420 850 $aPUL 852 $aPUL$W1$xSL Religione 3$y85$m230 COLL 12.308$j198654$qDDC 21$B203263$CPULBib$Z2$F203263 $H134819 $82 941 1 $a9 996 $6020$z978-88-372-3394-5*$9(OLS)http://pul/number/168065 996 $6082$a230$9(OLS)http://pul/classification/368 996 $6245$aDalla peste mi guardi Iddio : $ble epidemie da Mosè a papa Francesco$9(OLS)http://pul/title/215588 996 $6260$aBrescia :$bMorcelliana$9(OLS)http://pul/publisher/47854